Catálogo público

Manual de buenas prácticas de manejo para el cultivo de moluscos bivalvos / Jorge Cáceres Martínez y Rebeca Vásquez Yeomans (Record no. 217174)

MARC details
000 -CABECERA
campo de control de longitud fija 01099nam a2200289Ia 4500
001 - NÚMERO DE CONTROL
campo de control Z_6763
008 - DATOS DE LONGITUD FIJA--INFORMACIÓN GENERAL
campo de control de longitud fija 220601s9999 xx 000 0 und d
020 ## - NÚMERO INTERNACIONAL ESTÁNDAR DEL LIBRO
Número Internacional Estándar del Libro 978-9962-8500-1-4
082 ## - NÚMERO DE LA CLASIFICACIÓN DECIMAL DEWEY
Número de clasificación C 639.4811072 C33
100 ## - ENTRADA PRINCIPAL--NOMBRE DE PERSONA
Nombre de persona Cáceres Martínez, Jorge
9 (RLIN) 184309
245 ## - MENCIÓN DE TÍTULO
Título Manual de buenas prácticas de manejo para el cultivo de moluscos bivalvos / Jorge Cáceres Martínez y Rebeca Vásquez Yeomans
260 ## - PUBLICACIÓN, DISTRIBUCIÓN, ETC.
Lugar de publicación, distribución, etc. El Salvador : Organismo Internacional regional de Sanidad Agropecuaria; Organización del Sector Pesquero y Acuícola del Istmo Centroamericano
300 ## - DESCRIPCIÓN FÍSICA
Extensión 143 p.
503 ## - NOTA DE HISTORIA BIBLIOGRÁFICA (BK CF MU) [OBSOLETO]
Nota de historia bibliográfica ej.1: donación 2016
504 ## - NOTA DE BIBLIOGRAFÍA, ETC.
Nota de bibliografía, etc. Bibliografía: p. 113 - 122
650 ## - PUNTO DE ACCESO ADICIONAL DE MATERIA--TÉRMINO DE MATERIA
Término de materia o nombre geográfico como elemento de entrada 1. Bivalvia
650 ## - PUNTO DE ACCESO ADICIONAL DE MATERIA--TÉRMINO DE MATERIA
Término de materia o nombre geográfico como elemento de entrada Cultivo de molusco -- Manuales
650 ## - PUNTO DE ACCESO ADICIONAL DE MATERIA--TÉRMINO DE MATERIA
Término de materia o nombre geográfico como elemento de entrada Cría de moluscos -- Manuales
650 ## - PUNTO DE ACCESO ADICIONAL DE MATERIA--TÉRMINO DE MATERIA
Término de materia o nombre geográfico como elemento de entrada Buenas prácticas de acuicultura -- Manuales
650 ## - PUNTO DE ACCESO ADICIONAL DE MATERIA--TÉRMINO DE MATERIA
Término de materia o nombre geográfico como elemento de entrada Pesquerías de ostras
700 ## - PUNTO DE ACCESO ADICIONAL--NOMBRE DE PERSONA
Nombre de persona Vásquez Yeomans, Rebeca, aut.Ì
9 (RLIN) 184311
901 ## - ELEMENTOS DE DATOS A LOCAL LDA (RLIN)
a C 639.4811072 C33
902 ## - ELEMENTOS DE DATOS B LOCAL, LDB (RLIN)
a M
905 ## - ELEMENTOS DE DATOS E LOCAL, LDE (RLIN)
a 5232272014 es adn 8222113312spa16
942 ## - ELEMENTOS DE PUNTO DE ACCESO ADICIONAL (KOHA)
Tipo de ítem Koha Libro_
Holdings
Estado de retiro Estado de pérdida Fuente del sistema de clasificación o colocación Estado dañado No para préstamo Código de colección Localización permanente Ubicación/localización actual Ubicación en estantería Fecha de adquisición Total de préstamos Código de barras Fecha visto por última vez Número de copia Precio válido a partir de Tipo de ítem Koha
    Dewey Decimal Classification     General Zootecnia Zootecnia   03/11/2016   z_6698 02/06/2022 1 02/06/2022 Libro